El cuerpo y los sucesos
Salvato in:
| Autore principale: | |
|---|---|
| Natura: | Libro |
| Lingua: | Undetermined |
| Pubblicazione: |
Quito, Ecuador
Espinoza
1971
|
| Soggetti: | |
| Tags: |
Aggiungi Tag
Nessun Tag, puoi essere il primo ad aggiungerne!!
|
MARC
| LEADER | 00000nam a2200000Ia 4500 | ||
|---|---|---|---|
| 008 | 170316s9999 xx 000 0 und d | ||
| 040 | |a cru BVZT | ||
| 090 | |a 860 G-29c | ||
| 100 | |a Granda, Euber | ||
| 245 | |a El cuerpo y los sucesos | ||
| 260 | |a Quito, Ecuador | ||
| 260 | |b Espinoza | ||
| 260 | |c 1971 | ||
| 300 | |a 72 páginas | ||
| 650 | |a LITERATURA LATINOAMERICANA | ||
| 999 | |c 8755 |d 8755 | ||
| 942 | |c 15 D |h 860 G-29c |2 z | ||
